Movie Alphabet R - Statistics

General Stats
  • This quiz has been taken 55 times
  • The average score is 11 of 16
Answer Stats
Picture Answer % Correct
The Rock
98%
Rocky
93%
Robin Hood: Men in Tights
91%
RoboCop
87%
Rambo: First Blood Part II
84%
Raiders of the Lost Ark
78%
Rain Man
73%
Reservoir Dogs
71%
Romeo + Juliet
69%
Star Wars: Episode III Revenge of the Sith
67%
Rush Hour
62%
Rear Window
56%
Rebel Without a Cause
44%
Rosemary's Baby
40%
The Running Man
33%
Rock 'N' Roll High School
13%
No matching quizzes found
Score Distribution
Percent of People with Each Score
Percentile by Number Answered
Your Score History
You have not taken this quiz